000 03532nam a2200481Ii 4500
001 1002637766
003 AUA.1
005 20251121081228.0
008 170901s2015 mdu b 000 0 eng d
020 _a9780925675279
020 _a092567527X
035 _a(OCoLC)1002637766
040 _aEXN
_beng
_cEXN
050 _aBS661
_b.B53 2015
111 2 _aBible Research Institute International Bible Conference
_d(2012 :
_cNof Ginosar and Jerusalem.)
245 0 1 _a"What are human beings that you remember them?" :
_bproceedings of the third International Bible Conference, Nof Ginosar and Jerusalem, June 11-21, 2012 /
_cClinton Wahlen, editor.
246 1 0 _aProceedings of the third International Bible Conference, Nof Ginosar and Jerusalem, June 11-21, 2012.
260 _aSilver Spring, MD :
_bBiblical Research Institute :
_bReview and Herald Publishing Association;
_cc2015.
300 _axiv, 340 pages ;
_c23 cm.
504 _aIncludes bibliographical references.
520 _aWhat is the nature of human beings and their destiny? How should we understand the concepts of death and hell? Is the human being an indivisible entity or is there a soul that survives death? These important questions have been contemplated by great thinkers for millennia. In this collection of presentations given at the Third International Bible Conference at Nof Ginosar and in Jerusalem, June 11-21, 2012, Bible scholars from around the world address such important issues as the image of God in human beings, death and hell in Scripture and in contemporary Christian thought, as well as recent challenges to the biblical conception of human beings and their destiny. This latest contribution to the monism-dualism debate provides a vital resource for all who are interested in these important questions. -- back cover.
650 0 _aTheological anthropology
_xBiblical teaching.
650 0 _aHuman beings
_xReligious aspects.
700 1 _aWahlen, Clinton,
_eeditor.
700 1 2 _aStele, Artur A.
_tBiblical Anthropology: introduction and challenges.
700 1 2 _aWahlen, Clinton.
_tBiblical Anthropology: introduction and challenges.
700 1 2 _aDavidson, Richard M.
_tThe nature of the human being from the beginning: Genesis 1-11.
700 1 2 _aGane, Roy E.
_tThe nature of the human being in Leviticus.
700 1 2 _aMedina, Richard W.
_tThe nature of the human being in the book of Proverbs.
700 1 2 _aOlariu, Daniel.
_tThe riddle of En-Dor: a rhetorical approach to 1 Samuel 28:3-25.
700 1 2 _aCortez, Félix H.
_tDeath and future hope in the Hebrew bible.
700 1 2 _aWahlen, Clinton.
_tGreek Philosophy, Judaism, and Biblical anthropology.
700 1 2 _aMueller, Ekkehardt.
_tThe nature of the human being in the New Testament.
700 1 2 _aShepherd, Thomas R.
_tResurrection, Rebirth, and the human being in 1 and 2 Peter.
700 1 2 _aCortez, Félix H.
_tDeath and hell in the New Testament.
700 1 2 _aHasel, Frank M.
_tThe nature of the human being in Christian theology.
700 1 2 _aPetersen, Paul B.
_t"Unwholly" relationships: unity in a biblical ontology.
700 1 2 _aDonkor, Kwabena.
_tUnderstanding spiritualistic influences from culture.
700 1 2 _aGayoba, Francisco D.
_tBiblical anthropology and ministry in an age of spiritualism.
700 1 2 _aMoskala, Jiří.
_tEternal punishment in hell and the immortality of the soul: overview of the current debate.
700 1 2 _aPollard, Leslie N.
_tVisions of victory.
942 _2lcc
_cBOOK
_hBS 661
_i.B53 2015
999 _c25276
_d25276